00949nam a2200289Ia 450000500170000000800410001702000180005808200180007610000190009424500470011325000360016030000580019649000170025450000850027165000170035665000240037365000310039765000210042865000290044994200120047826400310049033600270052133700330054833800280058104000350060999900150064420220317001513.0161108s2013 s a g 000 0 s  a978843292091204a641.555bO77c1 aOrtega, Inés10aCocina fácil para dummiescInés Ortega a1a. edición, 2a reimpresión a461 páginasbilustraciones en blanco y negroc24 cm aPara dummies aEn portada: íEl libro de cocina para todos!. -- Incluye apéndices e índice142LEMBaCocina142LEMBaGastronomía142LEMBaEconomía Domestica142LEMBaRecetarios142LEMBaMenúvRecetarios 2ddccBK aBarcelonabPlanetac[2013] atextobtxt2rdacontent asin mediaciónbn2rdamedia avolumenbnc2rdacarrier aCO-BoRNBPbspaerdacCO-BoRNBP c7184d7184